000
00239nam a22000857a 4500
008
161015b xxu||||| |||| 00| 0 eng d
100
_9
853
_a
Sarna.C.S.etal
245
_a
Secondary Mathematics-IX
260
_a
New Delhi
_b
Goyal Bro Publications
_c
2009
999
_c
3503
_d
3503